000 00608cam a22002293a 4500
001 19560
003 PGUSA
005 20140828083420.0
008 061017s2006||||xxu|||||s|||||000 | eng d
040 _aPGUSA
_beng
042 _adc
050 4 _aHQ
100 1 _aPopenoe, Paul,
_d1888-1979
245 1 0 _aApplied Eugenics
_h[electronic resource] /
_cPaul Popenoe
260 _bProject Gutenberg,
_c2006
506 _aPublic domain in the USA.
516 _aElectronic text
653 _aEugenics
830 0 _aProject Gutenberg
_v19560
856 4 0 _uhttp://www.gutenberg.org/ebooks/19560
942 _cEB
999 _c248815
_d248815